Growth of informal sector in India / (Record no. 81221)

MARC details
000 -LEADER
fixed length control field 00915nam a22002537a 4500
005 - DATE AND TIME OF LATEST TRANSACTION
control field 20131218113314.0
010 ## - LCCN (DPL NO)
LC control number ENG-108866
020 ## - INTERNATIONAL STANDARD BOOK NUMBER
International Standard Book Number 9788192563688
Terms of availability 850.00
035 ## - SYSTEM CONTROL NUMBER
System control number EN-92399
037 ## - SOURCE OF ACQUISITION
Source of stock number/acquisition DBAD/PUB
082 ## - DEWEY DECIMAL CLASSIFICATION NUMBER
Classification number 338.6420954
100 ## - MAIN ENTRY--PERSONAL NAME
Personal name Samal, Kishor C.
245 ## - TITLE STATEMENT
Title Growth of informal sector in India /
Statement of responsibility, etc by Kishor C. Samal
260 ## - PUBLICATION, DISTRIBUTION, ETC. (IMPRINT)
Place of publication, distribution, etc New Delhi
Name of publisher, distributor, etc S.K. Book Agency
Date of publication, distribution, etc 2013
270 ## - ADDRESS
Address 5A/12, Ansari Road Daryaganj
City New Delhi
Postal code 110002
300 ## - PHYSICAL DESCRIPTION
Extent x,222p.
Dimensions 22cm(Hb)
500 ## - GENERAL NOTE
General note Articles; previously published.
500 ## - GENERAL NOTE
General note Includes bibliographical references and index.
650 ## - SUBJECT ADDED ENTRY--TOPICAL TERM
Topical term or geographic name as entry element Informal sector (Economics)
Geographic subdivision India.
650 ## - SUBJECT ADDED ENTRY--TOPICAL TERM
Topical term or geographic name as entry element Informal sector (Economics)
Geographic subdivision India
General subdivision Employees
-- Economic conditions.
650 ## - SUBJECT ADDED ENTRY--TOPICAL TERM
Topical term or geographic name as entry element Informal sector (Economics)
Geographic subdivision India
General subdivision Employees
-- Social conditions.
650 ## - SUBJECT ADDED ENTRY--TOPICAL TERM
Topical term or geographic name as entry element Urbanization
Geographic subdivision India.
942 ## - ADDED ENTRY ELEMENTS (KOHA)
Source of classification or shelving scheme Dewey Decimal Classification
Item type English Books
Call number suffix SAM
Classification part 338.6420954
Holdings
Withdrawn status Lost status Not for loan Collection code Home library Current library Date acquired Source of acquisition Cost, normal purchase price Full call number Barcode Copy number Cost, replacement price Koha item type
    Not For Loan Non-fiction D.B.Act.Division D.B.Act.Division 17/12/2013 DBAD/PUB 850.00 338.6420954 SAM EN-92399 1 850.00 English Books

© Delhi Public Library
Hit Counter
free hit counter